| 000 | 00790cam a2200181 4500 | ||
|---|---|---|---|
| 001 | WS115640 | ||
| 008 | 011120n 000 0 eng u | ||
| 035 | _a(Sirsi) u115640 | ||
| 110 |
_aSociety of Chief Quantity Surveyors in Local Government _93033 |
||
| 245 | _aSociety of Chief Quantity Surveyors | ||
| 520 | _aWeb site for this organisation which represents chartered surveyors occupying the principal established posts concerning quantity surveying or related functions in the public sector. Includes a directory of members and details of publications. | ||
| 650 | _aORGANISATION | ||
| 650 | _aPUBLIC SECTOR | ||
| 650 | _aQUANTITY SURVEYORS | ||
| 690 | _aBUILT ENVIRONMENT | ||
| 856 | 4 | 0 |
_uhttps://www.scqs.org.uk _zView the website free of charge at www.scqs.org.uk... |
| 942 | _n0 | ||
| 999 |
_c119954 _d119954 |
||